| 000 | 01190naa a22002777a 4500 | ||
|---|---|---|---|
| 001 | BR9601816 | ||
| 003 | BR-BrBNA | ||
| 005 | 20240918181630.0 | ||
| 007 | ta | ||
| 008 | 230509b bl.||||| |||| 00| 0 por d | ||
| 040 |
_aBR-BrBNA _bpor _cBiblioteca Nacional de Agricultura |
||
| 041 | _a(Pt) | ||
| 072 |
_aF01 _b1930 |
||
| 090 | _aF01 BR9601816 | ||
| 100 | 1 | _aGanen, C. | |
| 111 | 1 |
_a1. Seminario de Experiencias de Campo na Area de Criacoes _cCuritiba, PR (Brazil) _d30 Sep 1982 |
|
| 245 | 1 | _aUtilizacao racional da capineira de elefante | |
| 260 | 3 |
_aCuritiba, PR (Brasil): _c1984. |
|
| 500 | _aGomes, P.R.M. (coord.) 1. Seminario de Experiencias de Campo na Area de Criacoes. v. 1. Bovinocultura; Forrageiras Curitiba, PR (Brasil): 1984. p. 96-106 (BR9601816-AM)F01 | ||
| 650 | _aCapim Elefante | ||
| 650 | _aCorte | ||
| 650 | _aCapineira | ||
| 773 | 0 |
_t1. Seminario de Experiencias de Campo na Area de Criacoes. v. 1. Bovinocultura; Forrageiras _aGomes, P.R.M. (coord.). Empresa Paranaense de Assistencia Tecnica e Extensao Rural, Curitiba, PR (Brasil) _wF01 BR9601816 _gCuritiba, PR (Brasil), 1984. p. 96-106 |
|
| 909 |
_a202404 _bLucia _c55 _dLucia Elande |
||
| 942 |
_cAM _2AGRIS |
||
| 999 |
_c326151 _d326151 |
||